000 01436cam a2200289 4500
001 M2095
008 090401t1996 xxu||||| |||| 00| 0 eng d
035 _a(Sirsi) u36432
041 _aeng
050 _a622
090 _aRICS 1996/34A
110 _aRoyal Institution of Chartered Surveyors
_94900
245 4 _aThe Royal Instiution of Chartered Surveyors annual minerals conference and dinner, Ramside Hall Hotel, Durham, Friday 22nd March 1996 : minerals and waste management sustainability policy and the European Union.
260 _aLondon
_bRICS
_c1996
300 _a1v. (looseleaf) ; 30cm.
350 _a0
520 _aCONTENTS: Keynote address. - McKENDRICK, P. / Sustainability - the issues for the aggregates industry. - POLLOCK, D. / Improving the environmental performance of surface extraction. - DOWDALL, M. / Minerals and the environment - a new agenda. - BATE, R. / Sustainability planning and minerals extraction. - MABEY, R. / Minerals planning and the European Union. - GRANTHAM, J. / Sustainable waste management - an operators perspective. - MICHAELSON, O. / 1996 - perspectives arising out of recent UK and EU legislation. - HAWKINS, R.
650 _aCONFERENCE PAPERS
650 _aEUROPE
650 _aMINERALS DIVISION
650 _aMINERALS PLANNING
650 _aSustainability
_96271
650 _aWASTE MANAGEMENT
690 _aMINING AND MINERALS
942 _n0
948 _c04/03/1997
999 _c90279
_d90279